000
00227nam a2200097Ia 4500
008
120527s9999 xx 000 0 und d
100
_a
SANTROCK,W.John
245
_a
Life-span development.
260
_b
W.C.B&Brown.
942
_c
BK
999
_c
23922
_d
23922